Las desencantadas (Registro nro. 85377)

Detalles MARC
000 -ENCABEZADO
Número de control [NR] 00731nam a22002057a 4500
008 - DE LONGITUD FIJA DE DATOS DE ELEMENTOS - INFORMACIÓN GENERAL
Elementos de longitud fija [NR] 130821s1913 fr gr spa
040 ## - FUENTE DE CATALOGACION [NR]
Agencia de catalogación original [NR] Co-BoUCM
Idioma de catalogación [NR] spa
041 00 - CODIGO DE IDIOMA [R]
Código de idioma para texto/pista de sonido o título separado [R] Español
092 ## - SIGNATURA TOPOGRAFICA LOCAL
Número de clasificación local FN 000004
100 ## - ASIENTO PRINCIPAL--NOMBRE PERSONAL [NR]
Nombre personal [NR] Loti, Pierre
ID Autoridad 109773
245 04 - MENCION DE TITULO [NR]
Título [NR] Las desencantadas
Parte restante del título [NR] novela de los arenes turcos contemporáneos
Mención de responsabilidad, etc. [NR] Pierre Loti, traducción de Carlos Docteur
260 ## - PUBLICACION, DISTRIBUCION, ETC. (PIE DE IMPRENTA) [R]
Lugar de publicación, distribución, etc. [R] París (Francia)
Nombre del editor, distribuidor, etc. [R] Librería de la Vda. de Ch. Bouret
Fecha de publicación, distribución, etc. [R] 1913
300 ## - DESCRIPCION FISICA [R]
Extensión [R] 420 páginas
490 ## - MENCION DE SERIE [R]
Mención de serie [R] Biblioteca de Obras Famosas; v.9
500 ## - NOTA GENERAL [R]
Nota general [NR] Este libro se encuentra en el depósito de la biblioteca
650 04 - ASIENTO SECUNDARIO DE MATERIA - TERMINO TEMATICO [R]
Término temático o nombre geográfico como elemento de entrada [NR] Literatura francesa
9 (RLIN) 7794
650 04 - ASIENTO SECUNDARIO DE MATERIA - TERMINO TEMATICO [R]
Término temático o nombre geográfico como elemento de entrada [NR] Novela francesa
9 (RLIN) 20506
700 ## - ASIENTO SECUNDARIO - NOMBRE PERSONAL [R]
Nombre personal [NR] Docteur, Carlos.
Término de relación [R]
9 (RLIN) 126292
942 ## - ELEMENTOS DE ENTRADA AGREGADOS (KOHA)
Tipo de ítem principal el descrito en 300a Libro
Tema principal [No clasificado]
Edición 1
Título oculto en OPAC No
Existencias
Signatura topográfica Código de barras Última vez visto Volúmen / Fascículo Ejemplar Price effective from Tipo de ítem Perdido Sistema de clasificación Dañado No prestable Tipo de ítem específico Suprimido Ubicación habitual Ubicación actual Localización Fecha de creación Forma de adquisición Costo
~ 120055250 13/07/2012 FN 000004 Ej.1 03/02/2013 Libro   LOCAL     Fondos especiales     Archivo Histórico Archivo histórico 28/02/2003 Donación 10000.00